000 00656nam a2200229Ia 4500
003 OSt
005 20221006164715.0
006 a|||||r|||| 00| 0
007 ta
008 221006b |||||||| |||| 00| 0 eng d
024 _a2,346
037 _cTextual
040 _aFML
_cFML
_beng
041 _2eng
_aeng
082 _aV2 ' J26<----E00, M6
100 _aRaychaudhary S C Au.
_9678156
245 0 _aHistory of Muslim India
_b From 1000 AD to 1556 AD
260 _aDelhi
_bSurjit Publication
_c1986
300 _a319
_ccm.
942 _hV2 ' J26<----E00, M6
_cTEXL
_2CC
999 _c1118185
_d1118185